000 00323 a2200109 4500
001 ART_51900
005 20260410161633.0
008 260409a
245 1 0 _aGestión y reducción de costos en la crisis del COVID-19
100 1 _aSmolje, Alejandro R.
773 0 _tEnfoques
_g- N°6 (jun. 2020)
_wREV416
999 _c12606
_d12606